000 00663nam a2200217Ia 4500
003 GCL
008 140319s9999 xx 000 0 ara d
040 _aGCL /
_cGCL
082 0 4 _a810.9
_bا ن
100 1 _aايليا سليم الحاوى
245 1 0 _aنماذج فى النقد الادبى وتحليل النصوص /
_cايليا سليم الحاوى
300 _a1022 ص
490 _aالهيئة العامة للاستعلامات
_v0
650 0 4 _aالادب
650 0 4 _aالادب - تاريخ ونقد
650 0 4 _aالشعر
650 0 4 _aالقصص
650 0 4 _aالنثر
650 0 4 _aالشعرالجاهلى
942 _2ddc
_cBK
999 _c51996
_d51996